Estatísticas para Os 15 principais países afetados pela Covid-19 - 10 de novembro 2021

Clique aqui para jogar o quiz

Estatísticas Gerais

  • Esse quiz foi jogado 8 vezes
  • A pontuação média é 14 de 27

Estatísticas das Respostas

país% Correto
Brasil
100%
Estados Unidos
100%
França
100%
Alemanha
88%
Argentina
88%
Itália
88%
Reino Unido
88%
Espanha
75%
Índia
75%
Bélgica
63%
Colômbia
63%
Indonésia
63%
México
63%
Rússia
63%
Bahrein
38%
Chéquia
38%
Eslovénia
38%
Irão
38%
Países Baixos
38%
Turquia
38%
Israel
25%
Croácia
13%
Estônia
13%
Geórgia
13%
Letónia
13%
Lituânia
13%
Sérvia
13%

Distribuição das Pontuações

Percentil de Números Respondidos

Porcentagem de Pessoas com Cada Pontuação

Sua Pontuação Histórica

Você não jogou esse quiz